Sociology of the Yoruba novel :an introduction

Guardat en:
Dades bibliogràfiques
Autor principal: OGUNSINA, Bisi
Format: Llibre
Idioma:anglès
Publicat: Integrity Publishers 2006
Etiquetes: Afegir etiqueta
Sense etiquetes, Sigues el primer a etiquetar aquest registre!

MARC

LEADER 00000nam a22000007a 4500
008 201207b ||||| |||| 00| 0 eng d
020 |a 978-8113-84-2 
100 |a OGUNSINA, Bisi 
245 |a Sociology of the Yoruba novel  |b :an introduction  |c Bisi Ogunsina  |g viii, 170p.; ill. 
260 |b Integrity Publishers  |c 2006  |h Ilorin, Nigeria  |i 689302   |i  689303  |l PL8821 .Og9  |m  Yoruba fiction – 20th century – History and criticism 
500 |a It includes references 
942 |a lcc  |c BK  |e Kuteyi M. A.  |f 7/12/2020 
952 |0 0  |1 0  |2 lcc  |4 0  |6 PL8821 O G9  |7 0  |9 115  |a HOL  |b AC  |c LP  |d 2020-12-07  |l 0  |o PL8821 .Og9  |p 2020-0077  |r 2020-12-07 00:00:00  |w 2020-12-07  |y BK 
952 |0 0  |1 0  |2 lcc  |4 0  |6 PL8821 O G9  |7 0  |9 116  |a HOL  |b HOL  |c LP  |d 2020-12-07  |l 0  |o PL8821 .Og9  |p 2020-0078  |r 2020-12-07 00:00:00  |w 2020-12-07  |y BK 
999 |c 38  |d 38